| 000 | 00633nam a2200193Ia 4500 | ||
|---|---|---|---|
| 003 | LDD | ||
| 008 | 190117s9999 xx 000 0 und d | ||
| 020 |
_a9788183615280 _c₹200 |
||
| 040 | _cLDD | ||
| 041 | _ahi | ||
| 082 | _a8H1.71 प्रि6246न | ||
| 100 | _aप्रियदर्शन | ||
| 245 | 0 |
_aनष्ट कुछ भी नहीं होता _cप्रियदर्शन |
|
| 260 |
_aनयी दिल्ली _bराधाकृशन _c2012 |
||
| 300 | _a135 | ||
| 901 | _aRAJ | ||
| 904 | _aReqst by : J.M. Parakh | ||
| 942 |
_2ddc _cH |
||
| 999 |
_c164046 _d164046 |
||